000 00965cam a22002651 4500
001 s 48000002
003 DLC
005 20260227111912.0
008 771006s1948 dcua f001 0 eng c
010 _as 48000002
035 _a(OCoLC)3322994
040 _aSmithsonian Institiution. Library
_cMnStpeG
_dOCoLC
_dDLC
042 _apremarc
043 _aPOTT
050 0 0 _aQK1
_b.U5 vol. 30, pt. 2
082 _a584.9
100 1 _aBurcham, L. T.
_q(Lee T.)
245 0 0 _aObservations on the grass flora of certain Pacific islands.
260 _aWashington,
_bGovt. print. off.,
_c1948.
300 _aiii, 405-447, v-vii p.
_billus.
_c24 cm.
490 1 _aSmithsonian institution. United States national museum. Contributions from the United States national herbarium.
_vv. 30, pt.2
650 0 _aGrasses.
650 0 _aBotany
_zMelanesia.
810 2 _aUnited States National Museum.
_tContributions from the United States National Herbarium ;
_vv. 30, pt.2.
999 _c52786
_d52786